000 01148nam a22002897a 4500
003 EG-GICUC
005 20260122144750.0
008 251123s1977 ua |||fr|||| 000 0 ara d
040 _a EG-GICUC
_bara
_c EG-GICUC
_d EG-GICUC
_erda
041 0 _aara
082 0 4 _221
_a345.4
_bص ل . م
092 0 4 _221
099 _aLaw1 07 345.4 ص ل . م 1977
100 1 _aصلاح الدين عبد العزيز محمد
_eمؤلف.
245 1 0 _aمشاكل السلك الوظيفي في الخدمة المدنية :
_bدراسة تطبيقية مقارنة عن تقرير مكتب العمل الدولي
_cصلاح الدين عبد العزيز محمد.
264 1 _aالقاهرة :
_bالمنظمة العربية للعلوم الإدارية،
_c1977.
300 _a111 صفحة ؛
_c24 سم.
336 _2rda content
_atext
337 _2rda media
_aComputer
338 _2rda carrier
_aOnline Resource
504 _a ببليوجرافيا: صفحات.
650 1 4 _aالوظائف العامة
_2qrmak
651 1 _2qrmak
856 4 0 _uhttps://fll.law.cu.edu.eg/fulltext/bks/B07-00067.pdf
905 _a78
942 _2ddc
_cBK
_e21
_n0
999 _c45330
_d45330